[Event "BRA-ch sf2"]
[Site "Brasilia"]
[Date "2018.07.20"]
[Round "4.1"]
[White "Rabelo, Jose Carlos Vargas"]
[Black "Lucena, Lincoln"]
[Result "0-1"]
[WhiteElo "1688"]
[BlackElo "2048"]
[PlyCount "114"]
[EventDate "2018.07.20"]
[EventType "swiss"]
[EventRounds "5"]
[EventCountry "BRA"]
[SourceTitle "EXT 2022"]
[Source "ChessBase"]
[SourceDate "2021.10.06"]
[SourceVersion "1"]
[SourceVersionDate "2021.10.06"]
[SourceQuality "1"]

1. e4 d5 2. exd5 Qxd5 3. Nf3 g6 4. d4 Bg7 5. Be2 Nh6 6. 0-0 Nf5 7. c3 0-0 8. Na3 a6 9. Re1 Qd8 10. Nc2 c5 11. dxc5 Qc7 12. Ne3 Qxc5 13. Nxf5 Bxf5 14. Be3 Qc7 15. Qc1 Nc6 16. Bh6 Rad8 17. Bxg7 Kxg7 18. Qe3 e5 19. Rad1 f6 20. Qc5 Rxd1 21. Rxd1 Rd8 22. Rxd8 Qxd8 23. h3 Bd3 24. Qe3 Bxe2 25. Qxe2 Qd5 26. Qd2 Qxd2 27. Nxd2 f5 28. f3 Kf6 29. Kf2 Ke6 30. Ke3 Ne7 31. c4 Kd6 32. b4 Nc6 33. a3 Nd4 34. Kd3 Ne6 35. g3 b6 36. Kc3 h5 37. h4 g5 38. hxg5 Nxg5 39. Kd3 Ne6 40. Ke3 Ke7 41. Kf2 Nd4 42. Nb1 Kd6 43. Ke3 Ne6 44. Nd2 b5 45. Kd3 Ng5 46. Ke3 Ne6 47. Kd3 Nf8 48. Nb1 bxc4+ 49. Kxc4 Ne6 50. Nd2 Kc6 51. a4 Nc7 52. Nf1 Nd5 53. b5+ axb5+ 54. axb5+ Kd6 55. Nd2 Nb6+ 56. Kd3 Kd5 57. Nf1 Nc4 0-1

[Event "BRA-ch sf1"]
[Site "Brasilia"]
[Date "2018.06.17"]
[Round "4.6"]
[White "Terra, Enzo Schneider"]
[Black "Rabelo, Jose Carlos Vargas"]
[Result "1/2-1/2"]
[WhiteElo "1243"]
[BlackElo "1702"]
[PlyCount "54"]
[EventDate "2018.06.15"]
[EventType "swiss"]
[EventRounds "5"]
[EventCountry "BRA"]
[SourceTitle "EXT 2022"]
[Source "ChessBase"]
[SourceDate "2021.10.06"]
[SourceVersion "1"]
[SourceVersionDate "2021.10.06"]
[SourceQuality "1"]

1. d4 d5 2. c4 c6 3. Nc3 Nf6 4. Bg5 e6 5. e3 Bb4 6. Qc2 dxc4 7. Bxc4 Nbd7 8. a3 Qa5 9. Nf3 b5 10. Bd3 Nd5 11. Rc1 Bxc3+ 12. bxc3 Qxa3 13. 0-0 h6 14. Bh4 Bb7 15. e4 Nf4 16. Bg3 Nxd3 17. Qxd3 b4 18. Qc2 bxc3 19. Qxc3 Qxc3 20. Rxc3 Ba6 21. Ra1 Bb5 22. d5 c5 23. Ne5 Nxe5 24. Bxe5 f6 25. Bd6 exd5 26. Rxc5 Bd7 27. exd5 Kd8 1/2-1/2

[Event "Brasilia Terraviva op"]
[Site "Brasilia"]
[Date "2018.01.13"]
[Round "4"]
[White "Rabelo, Jose Carlos Vargas"]
[Black "Pascual, Julia Figueiredo"]
[Result "1-0"]
[WhiteElo "1711"]
[BlackElo "1246"]
[PlyCount "61"]
[EventDate "2018.01.11"]
[EventType "swiss"]
[EventRounds "7"]
[EventCountry "BRA"]
[SourceTitle "CBM 182 Extra"]
[Source "ChessBase"]
[SourceDate "2018.02.23"]
[SourceVersion "1"]
[SourceVersionDate "2018.02.23"]
[SourceQuality "1"]

1. e4 e5 2. Nf3 Nc6 3. Bb5 a6 4. Bxc6 dxc6 5. 0-0 Bg4 6. d3 Qe7 7. b3 g6 8. Ba3 c5 9. h3 Bxf3 10. Qxf3 Bg7 11. Qe3 b6 12. Nc3 Nf6 13. Na4 Nd7 14. Nc3 Nf6 15. Rae1 0-0-0 16. Rb1 h5 17. b4 Bh6 18. Qe2 Bf8 19. bxc5 Qe6 20. Rb3 Qc6 21. cxb6 cxb6 22. Bxf8 Rhxf8 23. Nd1 Kb7 24. Ne3 Kc7 25. Rfb1 b5 26. Qe1 Kd7 27. a4 bxa4 28. Rb6 Qc5 29. Rxf6 Ke8 30. Rb7 Qc8 31. Qa5 1-0

[Event "Brazil Fiesta op"]
[Site "Brazil"]
[Date "2017.07.23"]
[Round "6"]
[White "Nishizawa, Claudio"]
[Black "Rabelo, Jose Carlos Vargas"]
[Result "0-1"]
[WhiteElo "1591"]
[BlackElo "1694"]
[PlyCount "132"]
[EventDate "2017.07.21"]
[EventType "swiss"]
[EventRounds "6"]
[EventCountry "BRA"]
[SourceTitle "EXT 2019"]
[Source "ChessBase"]
[SourceDate "2018.10.10"]
[SourceVersion "1"]
[SourceVersionDate "2018.10.10"]
[SourceQuality "1"]

1. d4 d5 2. Bf4 Nf6 3. Nf3 c5 4. e3 cxd4 5. exd4 Bg4 6. Bd3 e6 7. h3 Bh5 8. c3 Bd6 9. Qa4+ Qd7 10. Qxd7+ Kxd7 11. Ne5+ Bxe5 12. Bxe5 Ne4 13. f3 Nd6 14. Nd2 f6 15. Bh2 Nc6 16. Nb3 b6 17. g4 Bg6 18. Bxg6 hxg6 19. Bxd6 Kxd6 20. 0-0-0 Rh4 21. Rh2 a5 22. a4 Rah8 23. Rdh1 Rc8 24. Kb1 Rch8 25. Nd2 Nd8 26. Nf1 Nf7 27. f4 R8h7 28. Ne3 f5 29. Ng2 R4h6 30. g5 Rh5 31. h4 Rh8 32. Rh3 Rb8 33. Re3 Rhh8 34. Rhe1 Rhe8 35. R3e2 b5 36. axb5 Rxb5 37. Ka2 Kd7 38. Ne3 Nd6 39. Nf1 Ne4 40. Nd2 Rh8 41. Nf3 a4 42. Ne5+ Kc7 43. Nxg6 Ra8 44. Rc1 Kd6 45. c4 dxc4 46. Rxc4 a3 47. b4 Kd5 48. Rec2 Nd6 49. Rc6 Ra7 50. Ne5 Ra4 51. Ng6 Ra7 52. h5 Ne4 53. Rc7 Rbb7 54. Rxb7 Rxb7 55. Kxa3 Kxd4 56. Kb3 Kd3 57. Rc6 Kd4 58. Rxe6 Nc5+ 59. Kc2 Nxe6 60. b5 Ke4 61. h6 gxh6 62. gxh6 Nxf4 63. Nf8 Rf7 64. h7 Rxf8 65. b6 Ng6 66. Kc3 Rb8 0-1

[Event "Sao Paulo op-C U1700 6th"]
[Site "Sao Paulo"]
[Date "2017.04.16"]
[Round "5"]
[White "Pereira da Silva, Gabriel Robert"]
[Black "Rabelo, Jose Carlos Vargas"]
[Result "1-0"]
[WhiteElo "1634"]
[BlackElo "1682"]
[PlyCount "133"]
[EventDate "2017.04.14"]
[EventType "swiss"]
[EventRounds "6"]
[EventCountry "BRA"]
[SourceTitle "EXT 2019"]
[Source "ChessBase"]
[SourceDate "2018.10.10"]
[SourceVersion "1"]
[SourceVersionDate "2018.10.10"]
[SourceQuality "1"]

1. e4 c5 2. Nf3 d6 3. d4 cxd4 4. Qxd4 Nc6 5. Bb5 Bd7 6. Bxc6 Bxc6 7. Nc3 Nf6 8. Bg5 e5 9. Qd3 h6 10. Bh4 Be7 11. 0-0-0 g5 12. Bg3 Qa5 13. Nd2 0-0-0 14. Nc4 Qc7 15. Ne3 Rhe8 16. f3 Rd7 17. Qc4 Bf8 18. Rd2 Re6 19. Rhd1 Kb8 20. Nf5 Re8 21. Ne3 Re6 22. h4 Re8 23. hxg5 hxg5 24. Rh1 b6 25. Qb3 Rdd8 26. Rhd1 Rd7 27. a4 Ka8 28. Kb1 Rb8 29. Ned5 Bxd5 30. Nxd5 Nxd5 31. Qxd5+ Qb7 32. Bxe5 Qxd5 33. Rxd5 Rbd8 34. Bf6 Be7 35. Bxe7 Rxe7 36. Rxd6 Rxd6 37. Rxd6 Kb8 38. b3 Kc7 39. Rd5 f6 40. Kb2 Rh7 41. Rf5 Rh6 42. e5 fxe5 43. Rxg5 Kd6 44. Kc3 Rh7 45. Kd3 Rh4 46. g4 Rh1 47. Rh5 Rf1 48. Rh3 Rg1 49. Rh2 Ke6 50. Re2 Rd1+ 51. Ke3 Rg1 52. Kf2 Rh1 53. Kg2 Rd1 54. f4 Rd5 55. Kf3 Kf6 56. Rxe5 Rxe5 57. fxe5+ Kxe5 58. Kg3 a6 59. Kh4 Kf6 60. g5+ Kg6 61. Kg4 b5 62. axb5 axb5 63. c4 bxc4 64. bxc4 Kg7 65. Kf5 Kf7 66. c5 Kg7 67. c6 1-0

[Event "Brasilia Terraviva op"]
[Site "Brasilia"]
[Date "2017.01.07"]
[Round "4"]
[White "Leao, Tales Braghini"]
[Black "Rabelo, Jose Carlos Vargas"]
[Result "0-1"]
[WhiteElo "1979"]
[BlackElo "1625"]
[PlyCount "70"]
[EventDate "2017.01.06"]
[EventType "swiss"]
[EventRounds "6"]
[EventCountry "BRA"]
[SourceTitle "CBM 176 Extra"]
[Source "ChessBase"]
[SourceDate "2017.03.02"]
[SourceVersion "1"]
[SourceVersionDate "2017.03.02"]
[SourceQuality "1"]

1. e4 c5 2. Nc3 d6 3. d3 Nc6 4. Be3 Nf6 5. h3 e6 6. g3 Be7 7. Bg2 Qc7 8. Qd2 a6 9. f4 b5 10. Nf3 b4 11. Ne2 a5 12. 0-0 Bb7 13. g4 c4 14. g5 cxd3 15. cxd3 Nh5 16. Nfd4 g6 17. Bf3 Ng7 18. Rac1 Qd7 19. Nxc6 Bxc6 20. Bd4 0-0 21. Bg4 d5 22. Bxg7 Kxg7 23. f5 gxf5 24. exf5 exf5 25. Bxf5 Qd6 26. Qe3 Rae8 27. Qd4+ f6 28. Nf4 Kg8 29. Be6+ Kh8 30. Ng6+ Kg7 31. Qh4 Qxe6 32. Qh6+ Kg8 33. gxf6 Bxf6 34. Nxf8 Bd4+ 35. Kh1 Qxh6 0-1

[Event "Brasilia Terraviva op"]
[Site "Brasilia"]
[Date "2017.01.06"]
[Round "1"]
[White "Rabelo, Jose Carlos Vargas"]
[Black "Nascimento, Davi da Silva"]
[Result "1/2-1/2"]
[WhiteElo "1625"]
[BlackElo "2154"]
[PlyCount "55"]
[EventDate "2017.01.06"]
[EventType "swiss"]
[EventRounds "6"]
[EventCountry "BRA"]
[SourceTitle "CBM 176 Extra"]
[Source "ChessBase"]
[SourceDate "2017.03.02"]
[SourceVersion "1"]
[SourceVersionDate "2017.03.02"]
[SourceQuality "1"]

1. Nf3 d6 2. g3 g6 3. Bg2 Nf6 4. d4 Bg7 5. 0-0 0-0 6. Na3 c6 7. c3 Be6 8. Nc2 Qd7 9. Ng5 Bc4 10. b3 Ba6 11. Nb4 h6 12. Ne4 Nxe4 13. Bxe4 d5 14. Bg2 Kh7 15. Bf4 f6 16. Bxb8 Raxb8 17. Nxa6 bxa6 18. h4 e5 19. e4 dxe4 20. dxe5 Qd5 21. exf6 Rxf6 22. Qe2 Re8 23. Qxa6 Qc5 24. Rae1 e3 25. fxe3 Rxe3 26. Rxe3 Qxe3+ 27. Kh1 Rxf1+ 28. Qxf1 1/2-1/2

[Event "BRA-ch U20"]
[Site "Icara"]
[Date "2016.06.26"]
[Round "6"]
[White "De Melo, Tiago Rosa"]
[Black "Rabelo, Jose Carlos Vargas"]
[Result "1-0"]
[WhiteElo "1757"]
[BlackElo "1592"]
[PlyCount "69"]
[EventDate "2016.06.23"]
[EventType "swiss"]
[EventRounds "7"]
[EventCountry "BRA"]
[SourceTitle "EXT 2017"]
[Source "ChessBase"]
[SourceDate "2016.10.25"]
[SourceVersion "1"]
[SourceVersionDate "2016.10.25"]
[SourceQuality "1"]

1. e4 c5 2. Nf3 Nc6 3. d4 cxd4 4. Nxd4 Nf6 5. Nc3 e6 6. Ndb5 a6 7. Nd6+ Bxd6 8. Qxd6 Qe7 9. Bf4 Nh5 10. Qxe7+ Kxe7 11. Bc7 b5 12. 0-0-0 Nf6 13. Bd6+ Kd8 14. f3 Ne8 15. Bc5 Rb8 16. f4 f6 17. Be2 Kc7 18. Bf3 d6 19. Be3 Bb7 20. Rhe1 Ne7 21. Bg4 f5 22. exf5 exf5 23. Bh3 Rf8 24. Ba7 Nc8 25. Bxb8+ Kxb8 26. Nd5 Bxd5 27. Rxd5 g6 28. g3 Kc7 29. Bg2 Kd7 30. Rd3 Nb6 31. Rde3 Kd8 32. Re7 Rh8 33. Rb7 Nc8 34. Bc6 Nc7 35. Rb8 1-0

[Event "BRA-ch U20"]
[Site "Icara"]
[Date "2016.06.25"]
[Round "4"]
[White "Cezar, Ricardo de Almeida"]
[Black "Rabelo, Jose Carlos Vargas"]
[Result "0-1"]
[WhiteElo "1578"]
[BlackElo "1592"]
[PlyCount "68"]
[EventDate "2016.06.23"]
[EventType "swiss"]
[EventRounds "7"]
[EventCountry "BRA"]
[SourceTitle "EXT 2017"]
[Source "ChessBase"]
[SourceDate "2016.10.25"]
[SourceVersion "1"]
[SourceVersionDate "2016.10.25"]
[SourceQuality "1"]

1. d4 d5 2. Bf4 Nf6 3. e3 c5 4. c3 cxd4 5. exd4 Bf5 6. Nd2 e6 7. Ngf3 Nc6 8. Be2 Be7 9. h3 0-0 10. 0-0 Ne4 11. Ne5 Bg5 12. Bxg5 Qxg5 13. Ndf3 Qe7 14. Nxc6 bxc6 15. Ne5 Qd6 16. Qa4 c5 17. Nf3 Rfb8 18. Qa3 cxd4 19. Nxd4 Qxa3 20. bxa3 Nxc3 21. Ba6 Rb6 22. Nxf5 Rxa6 23. Nd4 Rxa3 24. Rfc1 Rc8 25. Nb5 Ne2+ 26. Kf1 Rxc1+ 27. Rxc1 Nxc1 28. Nxa3 Nxa2 29. Ke2 Kf8 30. Kd2 Ke7 31. Kc2 Kd7 32. Kd2 Nb4 33. Kc3 Nc6 34. f4 f6 0-1

[Event "BRA-ch Amateur"]
[Site "Brasilia"]
[Date "2016.06.19"]
[Round "5"]
[White "Freire, Andrey Carvalho"]
[Black "Rabelo, Jose Carlos Vargas"]
[Result "0-1"]
[WhiteElo "2025"]
[BlackElo "1592"]
[PlyCount "172"]
[EventDate "2016.06.17"]
[EventType "swiss"]
[EventRounds "6"]
[EventCountry "BRA"]
[SourceTitle "CBM 173 Extra"]
[Source "ChessBase"]
[SourceDate "2016.08.29"]
[SourceVersion "1"]
[SourceVersionDate "2016.08.29"]
[SourceQuality "1"]

1. e4 c5 2. Nf3 d6 3. d4 cxd4 4. Nxd4 Nf6 5. Nc3 e6 6. Be3 a6 7. Bc4 b5 8. Bd3 Bb7 9. f3 Nbd7 10. a3 Be7 11. g4 Ne5 12. Qe2 Nfd7 13. Nb3 Nxd3+ 14. cxd3 Bh4+ 15. Bf2 Ne5 16. Bg3 Qf6 17. f4 Qxf4 18. Bxh4 Nf3+ 19. Kd1 Nxh4 20. Rf1 Qg5 21. Kc2 Rc8 22. Rae1 Ng6 23. Qf2 0-0 24. Qg3 Ne5 25. h4 Qxg4 26. Qe3 Qxh4 27. Rf4 Qh6 28. Qf2 Nc6 29. Rh4 Qf6 30. Qxf6 gxf6 31. Rg1+ Kh8 32. Rgh1 f5 33. Rxh7+ Kg8 34. exf5 exf5 35. R7h5 Kg7 36. Rxf5 Nb4+ 37. axb4 Bxh1 38. Kd2 Rh8 39. Rf2 Rh4 40. Ne2 Rxb4 41. Ned4 Bd5 42. Nf5+ Kf8 43. Rh2 f6 44. Rh8+ Bg8 45. Nbd4 Rxb2+ 46. Ke3 Re8+ 47. Kf3 Rd2 48. Rh6 Rxd3+ 49. Kf4 Rxd4+ 50. Nxd4 Kf7 51. Nf5 Rd8 52. Nd4 d5 53. Kf5 Rd6 54. Rh2 b4 55. Kf4 Rd7 56. Rb2 Rc7 57. Rxb4 Rc4 58. Rb7+ Kg6 59. Ke3 a5 60. Ra7 a4 61. Kd3 Kh6 62. Nf5+ Kh5 63. Nd4 Kg6 64. Nb5 Be6 65. Nc3 Bf5+ 66. Kd2 Rd4+ 67. Kc1 Rd3 68. Nxa4 Ra3 69. Kb2 Re3 70. Nb6 d4 71. Nd5 Re2+ 72. Kc1 Re5 73. Ne7+ Kg5 74. Kd2 Rc5 75. Ra4 Rc2+ 76. Kd1 d3 77. Nxf5 Kxf5 78. Rd4 Re2 79. Rxd3 Re6 80. Rd2 Kg4 81. Rd4+ Kg3 82. Rd5 Kf3 83. Rd4 Re4 84. Rxe4 Kxe4 85. Ke1 Kf3 86. Kd2 f5 0-1

[Event "BRA-ch Amateur"]
[Site "Brasilia"]
[Date "2016.06.19"]
[Round "6"]
[White "Rabelo, Jose Carlos Vargas"]
[Black "Labussiere, Yago"]
[Result "1/2-1/2"]
[WhiteElo "1592"]
[BlackElo "1585"]
[PlyCount "76"]
[EventDate "2016.06.17"]
[EventType "swiss"]
[EventRounds "6"]
[EventCountry "BRA"]
[SourceTitle "CBM 173 Extra"]
[Source "ChessBase"]
[SourceDate "2016.08.29"]
[SourceVersion "1"]
[SourceVersionDate "2016.08.29"]
[SourceQuality "1"]

1. e4 c5 2. Nf3 d6 3. c3 Nf6 4. Qc2 g6 5. d4 cxd4 6. cxd4 Bg7 7. Bc4 0-0 8. 0-0 d5 9. exd5 Nxd5 10. Be3 e6 11. Nc3 Nc6 12. a3 Nce7 13. Bg5 Bf6 14. Bxd5 Nxd5 15. Bxf6 Nxf6 16. Rad1 Qa5 17. Ne5 Nd5 18. Ne4 Rd8 19. Qc1 f6 20. Nc4 Qc7 21. Ncd6 Qe7 22. Rfe1 Rxd6 23. Nxd6 Qxd6 24. b4 Bd7 25. Qc5 Qxc5 26. bxc5 Kf7 27. g3 Bc6 28. Rd2 Rd8 29. f3 Nc3 30. Re3 Nb5 31. Red3 Bd5 32. a4 Nc7 33. Kf2 Bc6 34. Ra3 e5 35. Ke3 exd4+ 36. Rxd4 Nd5+ 37. Kf2 a6 38. Ke1 Ne3 1/2-1/2

[Event "Brasilia Terraviva op"]
[Site "Brasilia"]
[Date "2016.04.21"]
[Round "1"]
[White "Alboredo, Julia"]
[Black "Rabelo, Jose Carlos Vargas"]
[Result "1-0"]
[WhiteElo "2105"]
[BlackElo "1598"]
[PlyCount "79"]
[EventDate "2016.04.21"]
[EventType "swiss"]
[EventRounds "7"]
[EventCountry "BRA"]
[SourceTitle "CBM 172 Extra"]
[Source "ChessBase"]
[SourceDate "2016.06.21"]
[SourceVersion "1"]
[SourceVersionDate "2016.06.21"]
[SourceQuality "1"]

1. e4 c5 2. Nf3 d6 3. d4 cxd4 4. Nxd4 Nf6 5. Nc3 a6 6. Be3 e6 7. f3 b5 8. Qd2 Bb7 9. 0-0-0 Be7 10. g4 Nc6 11. g5 Nd7 12. h4 Nde5 13. Qg2 Qc7 14. f4 Nd7 15. h5 Nc5 16. Bd3 0-0-0 17. Kb1 Kb8 18. Nb3 Nxd3 19. cxd3 Rc8 20. Qf2 Bd8 21. Rc1 Qe7 22. f5 Ne5 23. Rhd1 Ng4 24. Ba7+ Ka8 25. Qg1 Qxg5 26. fxe6 fxe6 27. Rd2 Qxh5 28. Rg2 Ne5 29. Rxg7 Nxd3 30. Rc2 h6 31. Rh2 Qe8 32. Qd4 Nc5 33. Nxc5 dxc5 34. Bxc5 Ba5 35. b4 Bd8 36. Rf2 Rc7 37. Rxc7 Bxc7 38. Qg7 Qb8 39. Bd4 h5 40. Qxh8 1-0

[Event "Brasilia Ascade op"]
[Site "Brasilia"]
[Date "2016.01.31"]
[Round "5"]
[White "Rabelo, Jose Carlos Vargas"]
[Black "Vargas, Carlos V Valcarcel"]
[Result "0-1"]
[WhiteElo "1617"]
[BlackElo "1555"]
[PlyCount "66"]
[EventDate "2016.01.29"]
[EventType "swiss"]
[EventRounds "5"]
[EventCountry "BRA"]
[SourceTitle "CBM 170 Extra"]
[Source "ChessBase"]
[SourceDate "2016.02.25"]
[SourceVersion "1"]
[SourceVersionDate "2016.02.25"]
[SourceQuality "1"]

1. d4 g6 2. Nf3 Bg7 3. g3 Nf6 4. Bg2 0-0 5. 0-0 c6 6. b3 d5 7. Bb2 b5 8. Nbd2 Re8 9. a4 Bb7 10. axb5 cxb5 11. Ne5 Nbd7 12. c4 bxc4 13. bxc4 e6 14. cxd5 exd5 15. Nec4 Qc7 16. Na5 Ba6 17. Re1 Rab8 18. Bc1 Rb5 19. Nab3 Qb6 20. e3 Rb8 21. Bf1 Ne4 22. Bxb5 Bxb5 23. Ba3 Ndf6 24. Nxe4 Nxe4 25. Nc5 Nf6 26. Nd3 Qe6 27. Bc5 g5 28. Ne5 a6 29. Kg2 Ne4 30. Nd3 Qf5 31. Ra3 Bxd3 32. Rxd3 Qxf2+ 33. Kh1 Rb2 0-1

[Event "Brasilia-ch op"]
[Site "Brasilia"]
[Date "2015.11.01"]
[Round "5"]
[White "Felix, Luiza de Oliveira"]
[Black "Rabelo, Jose Carlos Vargas"]
[Result "0-1"]
[WhiteElo "1552"]
[BlackElo "1586"]
[PlyCount "41"]
[EventDate "2015.10.30"]
[EventType "swiss"]
[EventRounds "7"]
[EventCountry "BRA"]
[SourceTitle "CBM 169 Extra"]
[Source "ChessBase"]
[SourceDate "2015.12.18"]
[SourceVersion "1"]
[SourceVersionDate "2015.12.18"]
[SourceQuality "1"]

1. e4 c5 2. Nf3 d6 3. d4 cxd4 4. Nxd4 Nf6 5. Nc3 a6 6. f3 g6 7. Be3 Bg7 8. Qd2 b5 9. 0-0-0 Bb7 10. g4 Nbd7 11. h4 Ne5 12. h5 gxh5 13. gxh5 h6 14. Nf5 Bf8 15. Be2 Bc6 16. Nd5 Bxd5 17. exd5 Rc8 18. Nxd6+ Qxd6 19. f4 Nc4 20. Bxc4 Rxc4 21. f5 0-1

[Event "BRA-chB U20"]
[Site "Goiania"]
[Date "2015.10.10"]
[Round "3"]
[White "Costa, Thiago Constantino"]
[Black "Rabelo, Jose Carlos Vargas"]
[Result "0-1"]
[WhiteElo "1466"]
[BlackElo "1586"]
[PlyCount "74"]
[EventDate "2015.10.09"]
[EventType "swiss"]
[EventRounds "7"]
[EventCountry "BRA"]
[SourceTitle "CBM 168 Extra"]
[Source "ChessBase"]
[SourceDate "2015.10.29"]
[SourceVersion "1"]
[SourceVersionDate "2015.10.29"]
[SourceQuality "1"]

1. Nf3 d5 2. d4 c5 3. c3 Nc6 4. e3 cxd4 5. cxd4 Bg4 6. Be2 Nf6 7. Nc3 e6 8. a3 Bd6 9. 0-0 0-0 10. h3 Bh5 11. Re1 Rc8 12. Bd2 a6 13. Rc1 Bb8 14. Ng5 Bg6 15. f4 Qb6 16. Na4 Qa7 17. Nc5 Bd6 18. Qb3 b5 19. a4 Bxc5 20. Rxc5 h6 21. Rec1 hxg5 22. Rxc6 Rxc6 23. Rxc6 gxf4 24. axb5 axb5 25. Bxb5 Rb8 26. Ra6 Qxa6 27. Bxa6 Rxb3 28. exf4 Rxb2 29. Be3 Nh5 30. g4 Ng3 31. Bf2 Be4 32. Bxg3 Rg2+ 33. Kf1 Rxg3 34. Kf2 Rxh3 35. Bf1 Rf3+ 36. Ke2 Rxf4 37. Bh3 g5 0-1

[Event "BRA-chB U20"]
[Site "Goiania"]
[Date "2015.10.09"]
[Round "1"]
[White "Wieth, Kelvin Eduardo"]
[Black "Rabelo, Jose Carlos Vargas"]
[Result "1-0"]
[WhiteElo "1986"]
[BlackElo "1586"]
[PlyCount "53"]
[EventDate "2015.10.09"]
[EventType "swiss"]
[EventRounds "7"]
[EventCountry "BRA"]
[SourceTitle "CBM 168 Extra"]
[Source "ChessBase"]
[SourceDate "2015.10.29"]
[SourceVersion "1"]
[SourceVersionDate "2015.10.29"]
[SourceQuality "1"]

1. e4 c5 2. Nf3 Nc6 3. d4 cxd4 4. Nxd4 Nf6 5. Nc3 d6 6. Bg5 e6 7. Qd2 Be7 8. 0-0-0 Bd7 9. Ndb5 0-0 10. Nxd6 Bc8 11. Kb1 a6 12. f4 h6 13. Bxf6 Bxf6 14. e5 Be7 15. Qe3 Qc7 16. Nce4 b6 17. c3 Bb7 18. Bd3 b5 19. Qg3 Kh8 20. h4 b4 21. c4 Na5 22. Nxb7 Nxb7 23. Ng5 Rad8 24. Bc2 Rxd1+ 25. Rxd1 Nc5 26. Nxf7+ Kg8 27. Qg6 1-0

[Event "Goiania Goias Cup"]
[Site "Goiania"]
[Date "2015.09.25"]
[Round "2"]
[White "De Miranda, Daniele Correa"]
[Black "Rabelo, Jose Carlos Vargas"]
[Result "0-1"]
[WhiteElo "1218"]
[BlackElo "1639"]
[PlyCount "34"]
[EventDate "2015.09.25"]
[EventType "swiss"]
[EventRounds "6"]
[EventCountry "BRA"]
[SourceTitle "EXT 2016"]
[Source "ChessBase"]
[SourceDate "2015.10.08"]
[SourceVersion "1"]
[SourceVersionDate "2015.10.08"]
[SourceQuality "1"]

1. e4 c5 2. Nc3 Nc6 3. Bc4 d6 4. Nf3 Nf6 5. d3 g6 6. Bf4 Bg7 7. 0-0 0-0 8. Qd2 Bg4 9. h3 Bxf3 10. gxf3 Nh5 11. Bg3 Ne5 12. Qe2 Nxc4 13. dxc4 Qd7 14. Rfe1 Qxh3 15. Rad1 Bd4 16. f4 Nxg3 17. Qd3 Qh1# 0-1

[Event "Goiania Goias Cup"]
[Site "Goiania"]
[Date "2015.09.25"]
[Round "1"]
[White "Rabelo, Jose Carlos Vargas"]
[Black "Baeta, Marcio Netto"]
[Result "0-1"]
[WhiteElo "1639"]
[BlackElo "2024"]
[PlyCount "82"]
[EventDate "2015.09.25"]
[EventType "swiss"]
[EventRounds "6"]
[EventCountry "BRA"]
[SourceTitle "EXT 2016"]
[Source "ChessBase"]
[SourceDate "2015.10.08"]
[SourceVersion "1"]
[SourceVersionDate "2015.10.08"]
[SourceQuality "1"]

1. e4 c5 2. Nf3 e6 3. d4 cxd4 4. Nxd4 a6 5. Be3 Qc7 6. c4 Nf6 7. Nc3 Bb4 8. f3 d5 9. Qa4+ Nc6 10. Nxc6 Bxc3+ 11. bxc3 Qxc6 12. Qxc6+ bxc6 13. cxd5 cxd5 14. e5 Nd7 15. Bd4 Rb8 16. Bd3 f6 17. f4 fxe5 18. fxe5 0-0 19. Rf1 Rb2 20. Rxf8+ Kxf8 21. Kf1 Kf7 22. Kg1 Rd2 23. Bf1 Nb8 24. Be3 Rc2 25. Rb1 Nd7 26. Bd4 Rxa2 27. c4 dxc4 28. Bxc4 Ra4 29. Rc1 Bb7 30. Bb2 Ra5 31. Rf1+ Ke7 32. Re1 Nb6 33. Bc3 Nxc4 34. Bxa5 Nxa5 35. Kf2 Nc4 36. Rb1 Bd5 37. Re1 a5 38. Ra1 Kd7 39. g3 Kc6 40. Ke2 Kc5 41. Kd3 Nxe5+ 0-1

[Event "Brasilia FBX 50"]
[Site "Brasilia"]
[Date "2015.09.05"]
[Round "1"]
[White "Freire, Andrey Carvalho"]
[Black "Rabelo, Jose Carlos Vargas"]
[Result "1-0"]
[WhiteElo "2062"]
[BlackElo "1639"]
[PlyCount "109"]
[EventDate "2015.09.05"]
[EventType "swiss"]
[EventRounds "6"]
[EventCountry "BRA"]
[SourceTitle "EXT 2016"]
[Source "ChessBase"]
[SourceDate "2015.10.08"]
[SourceVersion "1"]
[SourceVersionDate "2015.10.08"]
[SourceQuality "1"]

1. e4 c5 2. Nf3 Nc6 3. Nc3 d6 4. Be2 Nf6 5. 0-0 g6 6. d4 cxd4 7. Nxd4 Bd7 8. Be3 Bg7 9. Qd2 0-0 10. Nb3 Rc8 11. Bh6 Ne5 12. Bxg7 Kxg7 13. f4 Nc4 14. Bxc4 Rxc4 15. Rae1 Qc7 16. h3 b5 17. e5 dxe5 18. fxe5 Nh5 19. Nd5 Qd8 20. Ne3 Rc8 21. Nd4 e6 22. Ng4 Bc6 23. Qh6+ Kh8 24. Nxc6 Rxc6 25. Nf6 Nxf6 26. exf6 Rg8 27. Rd1 Rd6 28. Rxd6 Qxd6 29. Rf2 Qe5 30. c3 Qc5 31. a3 a6 32. g3 Qd5 33. Kh2 Qc5 34. Rf4 Qe5 35. Rf2 Qc5 36. Kg2 Qe5 37. h4 Qd5+ 38. Kh2 Qe5 39. Qd2 Qc7 40. Re2 Rd8 41. Qh6 Rg8 42. Rd2 Qe5 43. Qg5 Qc7 44. Rd4 Rd8 45. Qh6 Rg8 46. Qe3 Rd8 47. Qe5 Qb6 48. Qc5 Qb8 49. Qa7 Rf8 50. Qxa6 Qe5 51. Rf4 Qe2+ 52. Kh3 Qxb2 53. Qd6 Kg8 54. Rd4 h5 55. Qxf8+ 1-0

[Event "Brasilia IRT Nova Geracao U1650"]
[Site "Brasilia"]
[Date "2015.05.23"]
[Round "1.3"]
[White "Rabelo, Jose Carlos Vargas"]
[Black "Araujo, Hercules Dos Santos"]
[Result "1-0"]
[WhiteElo "1530"]
[BlackElo "1757"]
[PlyCount "41"]
[EventDate "2015.05.23"]
[EventType "swiss"]
[EventRounds "5"]
[EventCountry "BRA"]
[SourceTitle "EXT 2022"]
[Source "ChessBase"]
[SourceDate "2021.10.06"]
[SourceVersion "1"]
[SourceVersionDate "2021.10.06"]
[SourceQuality "1"]

1. d4 b6 2. Nf3 Bb7 3. Bf4 e6 4. Nbd2 Ne7 5. e3 Nd5 6. Bg3 f5 7. Ne5 Qf6 8. e4 f4 9. exd5 Bxd5 10. Ng4 Qxd4 11. Bh4 h5 12. c3 Qxd2+ 13. Kxd2 hxg4 14. Qxg4 e5 15. Re1 Bd6 16. Qxg7 Rxh4 17. c4 Be6 18. Bd3 Bb4+ 19. Kc2 Bxe1 20. Bg6+ Kd8 21. Qf8# 1-0

[Event "Brasilia Centro Oeste-ch"]
[Site "Brasilia"]
[Date "2015.05.15"]
[Round "4"]
[White "Rabelo, Jose Carlos Vargas"]
[Black "Moraes Silva, Carlos Alessandro"]
[Result "0-1"]
[WhiteElo "1530"]
[BlackElo "1771"]
[PlyCount "68"]
[EventDate "2015.05.15"]
[EventType "swiss"]
[EventRounds "6"]
[EventCountry "BRA"]
[SourceTitle "CBM 166 Extra"]
[Source "ChessBase"]
[SourceDate "2015.06.18"]
[SourceVersion "1"]
[SourceVersionDate "2015.06.18"]
[SourceQuality "1"]

1. d4 Nf6 2. Nf3 e6 3. Bg5 d5 4. c4 Be7 5. g3 b6 6. Bg2 Bb7 7. 0-0 Nbd7 8. cxd5 exd5 9. Nc3 h6 10. Bf4 a6 11. Rc1 Rc8 12. Ne5 0-0 13. Re1 Re8 14. e4 dxe4 15. Nxe4 Nxe4 16. Bxe4 Bxe4 17. Rxe4 Nf6 18. Re2 c5 19. Qb3 Rf8 20. Rce1 Nd5 21. dxc5 Nxf4 22. gxf4 Bxc5 23. Rd1 Qf6 24. Nd7 Qg6+ 25. Kf1 Rfe8 26. Ne5 Qf5 27. Rd5 Qxf4 28. Qh3 Rcd8 29. Rxd8 Rxd8 30. Qb3 Bd4 31. Ng6 Qxh2 32. Qd3 Kh7 33. Qe4 fxg6 34. Rd2 Bc5 0-1